Sports Quiz

Random Sports or Basketball Quiz

Georgetown's Basketball HOF Quiz Stats

 Plays Quiz not verified by Sporcle

Challenge
Share
Tweet
Embed
Score 0/32 Timer 07:00
0 Plays Today
Year Player % Correct
1985Patrick Ewing
95.1%
1987Reginald Williams
41.5%
1982Eric Floyd
34.1%
1978Derrick Jackson
23.2%
1966James Brown
12.2%
1980John Duren
11%
1966James Barry
4.9%
1970Charles Adrion
4.9%
1922Andrew Zazzali
3.7%
1937Ben Zola
3.7%
1936Thomas Carolan
2.4%
1937Donald Gibeau
2.4%
1950Thomas O'Keefe
2.4%
1961Brian Sheehan
2.4%
1964James Christy
2.4%
1972F. Michael Laugha
2.4%
Year Player % Correct
1930C. Donald Dutton
1.2%
1930Fred Mesmer
1.2%
1932Paul Dillon
1.2%
1933John Crowley
1.2%
1935Edward Hargaden
1.2%
1938Harry Bassin
1.2%
1938Thomas Nolan
1.2%
1944Andrew Kostecka
1.2%
1945William Hassett
1.2%
1945John Mahnken
1.2%
1948Daniel Kraus
1.2%
1950Raymond Corley
1.2%
1953William Bolger
1.2%
1942Francis O'Gandy
0%
1950Richard Falvey
0%
1957Joseph Missett
0%

You're not logged in!

Compare scores with friends on all Sporcle quizzes.
Join for Free
OR
Log In

You Might Also Like...

Show Comments

Extras

Top Quizzes Today


Score Distribution

Your Account Isn't Verified!

In order to create a playlist on Sporcle, you need to verify the email address you used during registration. Go to your Sporcle Settings to finish the process.

Report this User

Report this user for behavior that violates our Community Guidelines.

Details: